000 00427nam a22001697a 4500
003 MPLRDC
005 20220104124732.0
008 210129b ||||| |||| 00| 0 eng d
082 _a539.52 XMJ
100 _a谢明江搜集整理
245 _a十三陵的传说
_c
250 _a一版一刷
260 _a
_b中国民间文艺出版社
_c1984
300 _b
650 _a中国民间传说
942 _cBK
_o539.52 XMJ
999 _c21733
_d21723